000 00797cam a2200229 i 4500
999 _c57903
_d57903
001 18800534
005 20221110164402.0
008 150930s2015 enka b 001 0 eng
020 _a9781107111813x
041 _aeng
080 _a342.5 S-31
100 1 _aSchütze, Robert.
_99679
245 1 2 _aAn introduction to European law /
_cRobert Schütze.
250 _aSecond edition.
264 1 _aCambridge, United Kingdom :
_bCambridge University Press,
_c2015.
300 _axxxvii, 345 pages :
_billustrations ;
_c24 cm.
653 _aAn Introduction to European Law
653 _aევროპული სამართლის შესავალი
653 _aВведение в европейское право
653 _aსამართალი
942 _2udc
_cBK